000 00309nam a22001337a 4500
008 210518b ||||| |||| 00| 0 eng d
041 _aeng
080 _a316
082 _a316
100 _a50
101 _aSOC
245 _aWhere it's at Radical Perspectives in Sociology
_cDeutsch,S.E
942 _2udc
_cBK
999 _c57422
_d57422